[Event "Paracin Winter Amateur"]
[Site "Paracin"]
[Date "2021.01.29"]
[Round "1"]
[White "Djokic, Mihailo"]
[Black "Radovanovic, Danko"]
[Result "1-0"]
[WhiteElo "2227"]
[BlackElo "1752"]
[PlyCount "145"]
[EventDate "2021.01.29"]
[EventType "swiss"]
[EventRounds "9"]
[EventCountry "SRB"]
[SourceTitle "EXT 2022"]
[Source "ChessBase"]
[SourceDate "2021.10.06"]
[SourceVersion "1"]
[SourceVersionDate "2021.10.06"]
[SourceQuality "1"]

1. e4 c5 2. Nf3 d6 3. d4 cxd4 4. Nxd4 Nf6 5. Nc3 a6 6. Be2 e5 7. Nf3 Be7 8. Bg5 Be6 9. Bxf6 Bxf6 10. Nd5 Qa5+ 11. b4 Qd8 12. 0-0 Nd7 13. Bc4 0-0 14. Bb3 g6 15. Qd2 Bg7 16. Ng5 Re8 17. Nxe6 fxe6 18. Ne3 Nf6 19. Qd3 Qc7 20. Rfd1 Rad8 21. a4 Kh8 22. a5 Re7 23. c4 Qc6 24. f3 Nh5 25. c5 Nf4 26. Qc4 d5 27. exd5 exd5 28. Nxd5 Nxd5 29. Rxd5 Rxd5 30. Qxd5 Qxd5 31. Bxd5 e4 32. Ra3 e3 33. Kf1 Bb2 34. Rb3 Bc1 35. Be4 Rd7 36. Bd3 Bd2 37. Ke2 Rd4 38. b5 axb5 39. Rxb5 Rb4 40. Rxb4 Bxb4 41. Be4 Bxc5 42. Bxb7 Kg7 43. f4 Kf6 44. Be4 h6 45. h4 g5 46. fxg5+ hxg5 47. h5 Kg7 48. g4 Kf7 49. a6 Kf6 50. Kd3 Ke5 51. Bf3 Ba7 52. Be2 Ke6 53. Ke4 Bb6 54. Bc4+ Kf6 55. Kd5 Ba7 56. Kc6 Ke5 57. Kb7 Bd4 58. a7 Bxa7 59. Kxa7 Kd4 60. Be2 Ke5 61. Kb6 Ke6 62. Kc5 Ke5 63. Kc4 Ke6 64. Kd4 Kf6 65. Kxe3 Kf7 66. Ke4 Kf6 67. Bc4 Kg7 68. Kf5 Kh6 69. Kf6 Kh7 70. Kxg5 Kg7 71. h6+ Kh7 72. Kh5 Kh8 73. g5 1-0

[Event "Paracin Summer op-B 12th"]
[Site "Paracin"]
[Date "2019.07.09"]
[Round "6"]
[White "Vujcic, Milena"]
[Black "Radovanovic, Danko"]
[Result "1-0"]
[WhiteElo "1989"]
[BlackElo "1807"]
[PlyCount "101"]
[EventDate "2019.07.05"]
[EventType "swiss"]
[EventRounds "9"]
[EventCountry "SRB"]
[SourceTitle "EXT 2020"]
[Source "ChessBase"]
[SourceDate "2019.10.17"]
[SourceVersion "1"]
[SourceVersionDate "2019.10.17"]
[SourceQuality "1"]

1. e4 e5 2. Nf3 Nf6 3. Nxe5 d6 4. Nf3 Nxe4 5. d4 d5 6. Bd3 Be7 7. 0-0 Nc6 8. c4 Nf6 9. h3 0-0 10. Nc3 Nb4 11. Be2 dxc4 12. Bxc4 c6 13. Re1 Bf5 14. Re5 Bg6 15. a3 Nbd5 16. Qb3 Nb6 17. Bf1 Bd6 18. Re1 h6 19. Ne5 Bf5 20. Bf4 Be6 21. Qc2 Nbd5 22. Bh2 Qc7 23. Rad1 Nd7 24. Ne4 Bxe5 25. dxe5 Nxe5 26. Nc5 Nf3+ 27. gxf3 Qe7 28. Kh1 Qf6 29. Bg2 Bf5 30. Ne4 Qh4 31. Bg3 Qh5 32. Kh2 Rfe8 33. Qb3 b6 34. Nd6 Re6 35. Nxf5 Qxf5 36. Rxe6 Qxe6 37. Qd3 g5 38. Qe4 Qc8 39. f4 Qe6 40. fxg5 hxg5 41. Qg4 Qxg4 42. hxg4 Rd8 43. Bxd5 cxd5 44. Kg2 f6 45. Kf3 Kf7 46. Ke3 Re8+ 47. Kd4 Re4+ 48. Kxd5 Rxg4 49. Rd2 f5 50. Ke5 f4 51. Kf5 1-0

[Event "SRB-chT3 East"]
[Site "Serbia"]
[Date "2017.10.13"]
[Round "7.1"]
[White "Zarkovic, Milos"]
[Black "Radovanovic, Danko"]
[Result "0-1"]
[WhiteElo "1803"]
[BlackElo "1826"]
[PlyCount "118"]
[EventDate "2017.09.03"]
[EventType "team-tourn"]
[EventRounds "11"]
[EventCountry "SRB"]
[SourceTitle "EXT 2022"]
[Source "ChessBase"]
[SourceDate "2021.10.06"]
[SourceVersion "1"]
[SourceVersionDate "2021.10.06"]
[SourceQuality "1"]

1. d4 d5 2. c4 c6 3. Nc3 Nf6 4. Nf3 dxc4 5. a4 Bf5 6. e3 e6 7. Bxc4 Bb4 8. 0-0 0-0 9. Qb3 Qe7 10. h3 h6 11. Rd1 a5 12. Ne5 Nbd7 13. Nd3 Nb6 14. Na2 Nxc4 15. Naxb4 Nd6 16. Na2 Bxd3 17. Qxd3 Rfd8 18. Nc3 Nd5 19. Nxd5 cxd5 20. b3 Rdc8 21. Ba3 Qd7 22. Rac1 b6 23. f3 Ne8 24. Qd2 Rxc1 25. Rxc1 Rc8 26. Rc3 f6 27. Qc2 Rxc3 28. Qxc3 Kf7 29. Kf2 Nd6 30. Qc2 Ne8 31. h4 f5 32. g3 Nf6 33. Kg2 g5 34. hxg5 hxg5 35. b4 axb4 36. Bxb4 g4 37. fxg4 Nxg4 38. Kf3 Kg6 39. Ba3 Qh7 40. Ke2 Qh2+ 41. Kd3 Nf2+ 42. Kc3 Qxg3 43. Qe2 Qc7+ 44. Kb2 Ne4 45. Bb4 Nd6 46. Qg2+ Kf7 47. Qh3 Nc4+ 48. Ka2 Kg6 49. Bf8 Qh7 50. Qxh7+ Kxh7 51. Kb3 Nxe3 52. Bd6 Nc4 53. Bc7 Kg7 54. Kc3 Kf7 55. Bf4 Ke7 56. Kb4 Kd7 57. Kb5 Nb2 58. Ka6 Nxa4 59. Kb5 Nb2 0-1

[Event "SRB-chT3 East"]
[Site "Serbia"]
[Date "2015.10.16"]
[Round "8.14"]
[White "Radovanovic, Danko"]
[Black "Radojkovic, Stefan"]
[Result "0-1"]
[WhiteElo "1822"]
[BlackElo "1786"]
[PlyCount "175"]
[EventDate "2015.09.06"]
[EventType "team-tourn"]
[EventRounds "11"]
[EventCountry "SRB"]
[SourceTitle "EXT 2022"]
[Source "ChessBase"]
[SourceDate "2021.10.06"]
[SourceVersion "1"]
[SourceVersionDate "2021.10.06"]
[SourceQuality "1"]

1. c4 Nf6 2. Nc3 e6 3. Nf3 b6 4. e4 Bb7 5. e5 Ne4 6. Nxe4 Bxe4 7. Qe2 Bb7 8. d4 c5 9. Be3 cxd4 10. Nxd4 d5 11. 0-0-0 Nd7 12. f4 Rc8 13. Qg4 dxc4 14. Nb5 Rg8 15. Be2 Be4 16. Rd4 Bd3 17. Bf3 Bc5 18. Nd6+ Kf8 19. Nxc8 Bxd4 20. Bxd4 Qxc8 21. Bc3 Nc5 22. Rd1 Qa6 23. Qg5 Qc8 24. Bb4 Ke8 25. Qh4 a5 26. Bc3 Qd7 27. f5 Qa4 28. Kd2 Bxf5 29. Ke3 Nd3 30. Rd2 g5 31. Qd4 Qb5 32. Qd6 Qc5+ 33. Bd4 Qxd6 34. exd6 Kd7 35. Bxb6 g4 36. Bd1 Kxd6 37. Bxa5 Kc5 38. Bc3 Bg6 39. Bxg4 f5 40. Bd4+ Kd6 41. Bf3 f4+ 42. Ke2 e5 43. Bc3 e4 44. Bg4 Bf7 45. Bh3 Bh5+ 46. Kf1 e3 47. Rc2 Bd1 48. Re2 Nc1 49. Re1 e2+ 50. Kf2 Nd3+ 51. Kf3 Nxe1+ 52. Bxe1 Rb8 53. b3 cxb3 54. axb3 Rxb3+ 55. Kxf4 Kd5 56. Bf5 h6 57. Be4+ Kc4 58. Bf3 Ra3 59. Kg3 Kd3 60. Kf2 Ra2 61. g4 Bb3 62. h4 Be6 63. g5 hxg5 64. hxg5 Bf7 65. Bg4 Bg6 66. Bf3 Rb2 67. Bg4 Ke4 68. Bc3 Rc2 69. Bf6 Kf4 70. Bd7 Bd3 71. Bd4 Kxg5 72. Be3+ Kf6 73. Ke1 Ke7 74. Bg4 Rb2 75. Bd2 Rb5 76. Kf2 Re5 77. Be1 Kf7 78. Bd2 Kg6 79. Bc3 Re7 80. Bd2 Kf6 81. Be1 Kg5 82. Bf3 Re5 83. Bd2+ Kf5 84. Be1 Ke6 85. Bg4+ Kd5 86. Bf3+ Kc4 87. Bd2 Kb3 88. Be3 0-1

[Event "SRB-chT3 East"]
[Site "Pozarevac"]
[Date "2014.10.05"]
[Round "6.23"]
[White "Damjanovic, Nebojsa"]
[Black "Radovanovic, Danko"]
[Result "1/2-1/2"]
[WhiteElo "2095"]
[BlackElo "1850"]
[PlyCount "24"]
[EventDate "2014.10.02"]
[EventType "team-swiss"]
[EventRounds "6"]
[EventCountry "SRB"]
[SourceTitle "EXT 2022"]
[Source "ChessBase"]
[SourceDate "2021.10.06"]
[SourceVersion "1"]
[SourceVersionDate "2021.10.06"]
[SourceQuality "1"]

1. Nf3 Nf6 2. g3 g6 3. Bg2 Bg7 4. 0-0 0-0 5. d4 d5 6. c3 c6 7. Qd2 Bf5 8. Qd3 Qc8 9. Bg5 h6 10. Bxf6 Bxf6 11. Nbd2 b6 12. Rfe1 Re8 1/2-1/2

[Event "SRB-chT3 East"]
[Site "Pozarevac"]
[Date "2014.10.02"]
[Round "1.13"]
[White "Radovanovic, Danko"]
[Black "Drljevic, Ljilja"]
[Result "0-1"]
[WhiteElo "1850"]
[BlackElo "2177"]
[PlyCount "82"]
[EventDate "2014.10.02"]
[EventType "team-swiss"]
[EventRounds "6"]
[EventCountry "SRB"]
[SourceTitle "EXT 2022"]
[Source "ChessBase"]
[SourceDate "2021.10.06"]
[SourceVersion "1"]
[SourceVersionDate "2021.10.06"]
[SourceQuality "1"]

1. c4 d6 2. Nc3 Nf6 3. d4 Nbd7 4. Nf3 e5 5. Bg5 Be7 6. dxe5 dxe5 7. Bxf6 Bxf6 8. Nd5 c6 9. Nxf6+ Qxf6 10. Qc2 0-0 11. e3 Nc5 12. Qc3 Re8 13. Be2 Na4 14. Qc2 e4 15. Nd4 Nc5 16. Rd1 Qg6 17. g3 Bh3 18. b4 Nd7 19. a4 Ne5 20. f4 exf3 21. Qxg6 hxg6 22. Nxf3 Bg2 23. Nxe5 Bxh1 24. Kf2 Rxe5 25. Rxh1 Rae8 26. Rd1 Rxe3 27. Bf1 Rb3 28. b5 Ra3 29. bxc6 bxc6 30. Bg2 Re6 31. Rd8+ Kh7 32. Rd4 Ra2+ 33. Kf3 Rf6+ 34. Rf4 Rxa4 35. Bf1 Ra1 36. Bd3 a5 37. Be4 c5 38. Ke3 Rxf4 39. gxf4 a4 40. Kd3 a3 41. Kc2 a2 0-1

[Event "Nis Pantelej op 2nd"]
[Site "Nis"]
[Date "2014.08.09"]
[Round "9"]
[White "Vasic, Zarko"]
[Black "Radovanovic, Danko"]
[Result "1-0"]
[WhiteElo "2016"]
[BlackElo "1852"]
[PlyCount "83"]
[EventDate "2014.08.03"]
[EventType "swiss"]
[EventRounds "9"]
[EventCountry "SRB"]
[SourceTitle "CBM 162 Extra"]
[Source "ChessBase"]
[SourceDate "2014.10.17"]
[SourceVersion "1"]
[SourceVersionDate "2014.10.17"]
[SourceQuality "1"]

1. e4 e5 2. Nc3 Nf6 3. f4 d6 4. Nf3 Nc6 5. Bb5 exf4 6. d4 a6 7. Bxc6+ bxc6 8. Bxf4 Bg4 9. 0-0 Be7 10. Qd3 Bh5 11. Rae1 0-0 12. e5 Bg6 13. Qc4 Nh5 14. Bc1 Qd7 15. d5 dxe5 16. Nxe5 Qd6 17. Kh1 cxd5 18. Nxd5 Bd8 19. Nc6 Bh4 20. Qxh4 Kh8 21. Qc4 f5 22. Nce7 Rf7 23. Qxc7 Qxc7 24. Nxc7 Ra7 25. Ncd5 Nf6 26. c4 Nxd5 27. Nxd5 Ra8 28. Re6 Rb7 29. Rfe1 Bf7 30. Re7 Rxe7 31. Rxe7 Kg8 32. Bd2 Bxd5 33. cxd5 Rd8 34. Re5 g6 35. h4 Kf7 36. Bg5 Rd6 37. Be7 Rd7 38. Ba3 h6 39. d6 Kf6 40. Ra5 g5 41. hxg5+ hxg5 42. Rxa6 1-0

[Event "Paracin-ch"]
[Site "Paracin"]
[Date "2014.01.18"]
[Round "8"]
[White "Blagojevic, Nikola"]
[Black "Radovanovic, Danko"]
[Result "1/2-1/2"]
[WhiteElo "1628"]
[BlackElo "1898"]
[PlyCount "85"]
[EventDate "2014.01.10"]
[EventType "swiss"]
[EventRounds "9"]
[EventCountry "SRB"]
[SourceTitle "CBM 158 Extra"]
[Source "ChessBase"]
[SourceDate "2014.02.28"]
[SourceVersion "1"]
[SourceVersionDate "2014.02.28"]
[SourceQuality "1"]

1. Nf3 Nf6 2. g3 g6 3. Bg2 Bg7 4. 0-0 0-0 5. c4 c5 6. Nc3 Nc6 7. d3 d6 8. Bd2 Bd7 9. Qc1 Re8 10. Rb1 Rb8 11. a3 a5 12. a4 Nb4 13. Nb5 Nc6 14. Re1 Ng4 15. Bc3 Bh6 16. Bd2 Bg7 17. Bc3 Nge5 18. Nxe5 dxe5 19. Bd2 Nd4 20. Nxd4 exd4 21. b3 Qc7 22. e4 b6 23. f4 e5 24. fxe5 Bxe5 25. Bf4 Kg7 26. Bxe5+ Qxe5 27. Qf4 Re7 28. Qxe5+ Rxe5 29. Kf2 Rbe8 30. h3 f5 31. exf5 Bxf5 32. Rxe5 Rxe5 33. Bf1 h5 34. Re1 Kf6 35. Rxe5 Kxe5 36. Kf3 Kf6 37. g4 hxg4+ 38. hxg4 Bd7 39. Kf4 g5+ 40. Kg3 Bc6 41. Be2 Ke5 42. Bf3 Bd7 43. Be4 1/2-1/2

[Event "SRB-chT3 Ost"]
[Site "Kladovo"]
[Date "2013.10.20"]
[Round "7.23"]
[White "Radovanovic, Danko"]
[Black "Mirkovic, Dejan"]
[Result "1-0"]
[WhiteElo "1892"]
[BlackElo "1874"]
[PlyCount "57"]
[EventDate "2013.10.17"]
[EventType "team-swiss"]
[EventRounds "8"]
[EventCountry "SRB"]
[SourceTitle "EXT 2015"]
[Source "ChessBase"]
[SourceDate "2014.11.20"]
[SourceVersion "1"]
[SourceVersionDate "2014.11.20"]
[SourceQuality "1"]

1. c4 Nf6 2. Nc3 e6 3. Nf3 d5 4. b3 c6 5. e3 Nbd7 6. Bb2 Be7 7. Be2 0-0 8. 0-0 dxc4 9. bxc4 b6 10. Nd4 Bb7 11. Bf3 Ne5 12. Be2 Re8 13. f4 Ng6 14. f5 exf5 15. Nxf5 Bf8 16. Qc2 Qc7 17. a4 Rad8 18. Rad1 Rd7 19. Bf3 Ne5 20. Be2 Ba6 21. Ne4 Neg4 22. Nxf6+ Nxf6 23. Bxf6 gxf6 24. Rf3 Bd6 25. Rh3 Re5 26. d4 Rxf5 27. Qxf5 Qd8 28. Qxh7+ Kf8 29. Qe4 1-0

[Event "SRB-chT3 Ost"]
[Site "Kladovo"]
[Date "2013.10.18"]
[Round "3.43"]
[White "Boskovic, Dusan"]
[Black "Radovanovic, Danko"]
[Result "0-1"]
[WhiteElo "1801"]
[BlackElo "1892"]
[PlyCount "82"]
[EventDate "2013.10.17"]
[EventType "team-swiss"]
[EventRounds "8"]
[EventCountry "SRB"]
[SourceTitle "EXT 2015"]
[Source "ChessBase"]
[SourceDate "2014.11.20"]
[SourceVersion "1"]
[SourceVersionDate "2014.11.20"]
[SourceQuality "1"]

1. e4 e5 2. Nc3 Nc6 3. Nf3 Nf6 4. a3 Be7 5. Bc4 Nxe4 6. Bxf7+ Kxf7 7. Nxe4 d5 8. Nc3 e4 9. Ng1 g6 10. d4 Bf6 11. Be3 Ne7 12. h3 c6 13. Nge2 Nf5 14. Qd2 Nh4 15. Rh2 g5 16. 0-0-0 h6 17. Rf1 Bf5 18. Rd1 Bg6 19. Rf1 Qd6 20. Ng3 b5 21. Nb1 a5 22. Rfh1 Rhb8 23. b3 b4 24. a4 Bg7 25. Qe2 Kg8 26. Rd1 Rf8 27. Rdh1 Rfc8 28. Rd1 Qf6 29. Nh5 Bxh5 30. Qxh5 c5 31. Qe2 c4 32. Kb2 Rc7 33. Ka2 Rac8 34. Rd2 Qc6 35. f3 exf3 36. gxf3 Re8 37. Qf2 Nf5 38. Re2 Rce7 39. f4 cxb3+ 40. cxb3 Rxe3 41. Rc2 Qf6 0-1

[Event "SRB-chT3 Ost"]
[Site "Kladovo"]
[Date "2013.10.18"]
[Round "2.43"]
[White "Radovanovic, Danko"]
[Black "Milosevic, Jovana"]
[Result "0-1"]
[WhiteElo "1892"]
[BlackElo "1931"]
[PlyCount "80"]
[EventDate "2013.10.17"]
[EventType "team-swiss"]
[EventRounds "8"]
[EventCountry "SRB"]
[SourceTitle "EXT 2015"]
[Source "ChessBase"]
[SourceDate "2014.11.20"]
[SourceVersion "1"]
[SourceVersionDate "2014.11.20"]
[SourceQuality "1"]

1. c4 c5 2. Nc3 Nf6 3. Nf3 d5 4. cxd5 Nxd5 5. g3 Nc6 6. Bg2 Nc7 7. 0-0 e5 8. d3 Be7 9. b3 Be6 10. Bb2 Qd7 11. Re1 0-0 12. Rc1 f6 13. Ne4 b6 14. Nc3 Rac8 15. h4 Rfd8 16. Kh2 Nd4 17. Ra1 Na6 18. Rc1 Nb4 19. Nd2 Kh8 20. Rf1 Bg4 21. f3 Be6 22. Rf2 f5 23. a3 Na6 24. Bf1 f4 25. h5 fxg3+ 26. Kxg3 Nf5+ 27. Kh2 Bh4 28. Nce4 Bxf2 29. Nxf2 Qf7 30. Ng4 Qxh5+ 31. Kg2 Qg6 32. Kf2 h5 33. e4 hxg4 34. exf5 Bxf5 35. Ne4 Bxe4 36. fxe4 Rf8+ 37. Kg2 g3 38. Bxe5 Rf2+ 39. Kg1 Qg5 40. d4 Qh4 0-1

[Event "SRB-chT3 Ost"]
[Site "Kladovo"]
[Date "2013.10.17"]
[Round "1.13"]
[White "Kalcic, Krsta"]
[Black "Radovanovic, Danko"]
[Result "1-0"]
[WhiteElo "2235"]
[BlackElo "1892"]
[PlyCount "87"]
[EventDate "2013.10.17"]
[EventType "team-swiss"]
[EventRounds "8"]
[EventCountry "SRB"]
[SourceTitle "EXT 2015"]
[Source "ChessBase"]
[SourceDate "2014.11.20"]
[SourceVersion "1"]
[SourceVersionDate "2014.11.20"]
[SourceQuality "1"]

1. e4 e5 2. Nf3 Nf6 3. Nc3 Nc6 4. Bb5 Nd4 5. Ba4 Bc5 6. Nxe5 Qe7 7. Nd3 Bb6 8. 0-0 0-0 9. e5 Ne8 10. Nd5 Qe6 11. Nxb6 axb6 12. c3 Ne2+ 13. Qxe2 Rxa4 14. b3 Ra5 15. Re1 f6 16. Bb2 fxe5 17. Nxe5 Qf5 18. d4 Nf6 19. Qc4+ Nd5 20. f3 c6 21. Qd3 Qg5 22. Bc1 Qh4 23. Bd2 Nf4 24. Bxf4 Qxf4 25. Qe3 Qh4 26. b4 Ra8 27. Nc4 d5 28. Nxb6 Rb8 29. Qe7 Qf4 30. Qe5 Qxe5 31. Rxe5 Bf5 32. g4 Bd3 33. Nd7 Rbd8 34. Nxf8 Rxf8 35. Kg2 Ra8 36. a4 Bc4 37. Re7 Rb8 38. Rae1 Bb3 39. a5 Bc4 40. Rc7 Ba6 41. Ree7 Kh8 42. Rxg7 Re8 43. Rxh7+ Kg8 44. Rhe7 1-0

[Event "Paracin-ch"]
[Site "Paracin"]
[Date "2013.01.13"]
[Round "5"]
[White "Radovanovic, Danko"]
[Black "Bozinovic, Boban"]
[Result "1/2-1/2"]
[WhiteElo "1878"]
[BlackElo "2049"]
[PlyCount "37"]
[EventDate "2013.01.11"]
[EventType "swiss"]
[EventRounds "9"]
[EventCountry "SRB"]
[SourceTitle "EXT 2019"]
[Source "ChessBase"]
[SourceDate "2018.10.10"]
[SourceVersion "1"]
[SourceVersionDate "2018.10.10"]
[SourceQuality "1"]

1. c4 e5 2. Nc3 Nf6 3. Nf3 Nc6 4. g3 d5 5. cxd5 Nxd5 6. Bg2 Nb6 7. 0-0 Be7 8. a3 0-0 9. d3 Be6 10. Be3 f6 11. b4 Re8 12. Rc1 Bf8 13. Na4 Nd4 14. Nxd4 exd4 15. Bf4 c6 16. Nc5 Bxc5 17. Rxc5 Nd5 18. Bd2 Bf7 19. Re1 1/2-1/2